Účtovníctvo nehmotného majetku vytvoreného vlastnou činnosťou bakalárska práca

Enregistré dans:
Détails bibliographiques
Auteur principal: Kočišová, Erika
Collectivité auteur: Fakulta hospodárskej informatiky EU. Katedra účtovníctva a audítorstva
Autres auteurs: Serpeninova, Yuliia, 1984-
Format: Livre
Langue:slovaque
Publié: Bratislava 2024
Tags: Ajouter un tag
Pas de tags, Soyez le premier à ajouter un tag!

MARC

LEADER 00000nbm a2200000 4500
001 0302644
005 20260129103040.2
041 0 |a slo 
044 |a SK 
245 1 0 |a Účtovníctvo nehmotného majetku vytvoreného vlastnou činnosťou  |b bakalárska práca  |c Erika Kočišová ; školiteľ: Yuliia Serpeninova 
264 1 |a Bratislava  |c 2024 
300 |a 49 s. 
100 1 |a Kočišová, Erika 
700 1 |a Serpeninova, Yuliia, 1984- 
710 2 |a Fakulta hospodárskej informatiky EU. Katedra účtovníctva a audítorstva